header

Hypothesis A/Hypothesis B (Record no. 210275)

MARC details
000 -LEADER
fixed length control field 01476nam a2200361Ia 4500
245 00 - TITLE STATEMENT
Title Hypothesis A/Hypothesis B
260 ## - PUBLICATION, DISTRIBUTION, ETC. (IMPRINT)
Place of publication Cambridge, MA :
Name of publisher MIT Press,
Year of publication 2010.
300 ## - PHYSICAL DESCRIPTION
Number of Pages xxxvii, 491 p.
490 1# - SERIES STATEMENT
Series statement Current studies in linguistics ;
650 #0 - SUBJECT ADDED ENTRY--TOPICAL TERM
Topical Term Linguistics.
Topical Term Language and languages.
700 1# - ADDED ENTRY--PERSONAL NAME
Personal name Perlmutter, David M.
Personal name Gerdts, Donna B.
Personal name Moore, John C.,
Personal name Polinsky, Maria.
856 40 - ELECTRONIC LOCATION AND ACCESS
Uniform Resource Identifier http://site.ebrary.com/lib/rucke/Doc?id=10356697

No items available.

© 2026 Rongo University
Contact us: librarian | system librarian | Rongo university